1613 1797 1802 1133 1769 1396 1650 1247 1113 1368 1451 1153 1692 1901 1656 1195 1873 1466 1724 1760 1312 1779 1871 1134 1997 1566 1065 1664 1521 1576 1625 1445 1763 1171 1512 1979 1087 1786 1784 1943 1422 1226 1227 1245 1454 1925 1592 1577 1280 1842 1680 1616 1577 1726 1321 1140 1176 1231 1256 1151 1297 1789 1445 1245 1113 1518 1907 1561 1535 1844 1955 1600 1350 1534 1307 1316 1762 1494 1470 1934 1826 1377 1585 1215 1225 1977 1041 1310 1406 1998 1529 1318 1418 1498 1551 1472 1884 1108 1788 BCNSPRNW ULIB Ver.6.0+V

เปลี่ยนเป็นภาษาไทย

Change to English
 แสดงรายละเอียดบรรณานุกรม
  กลับหน้าหลัก

Brief Record : Get Marc (ISO 2709) : E-mail record : QR code < ปิดหน้าต่าง
LEADER : 00000nam 2200000uu 4500
001    13399123296
003     ULIB
008    140815s2556||||th 000 0 tha d
099    วจ.QT255^bน148ส
100 0  นงลักษณ์ พรหมติงการ, ถาวร ล่อกา, พชร วิวุฒิ และกรรณิการ์ กองบุญเกิด
245 00 สิ่งจูงใจในการออกกำลังกายของประชาชน ณ สวนสาธารณะเขลางค์นครลำปาง ปี พ.ศ.2555/^cนงลักษณ์ พรหมติงการ, ถาวร ล่อกา, พชร วิวุฒิ และกรรณิการ์ กองบุญเกิด
260    ลำปางๅ:^bวิทยาลัยพยาบาลบรมราชชนนี นครลำปาง,^c2556
300    52 หน้า
650  0 การออกกำลังกาย^xวิจัย
700 0  ถาวร ล่อกา,^eผู้ร่วมวิจัย
700 0  พชร วิวุฒิ,^eผู้ร่วมวิจัย
700 0  กรรณิการ์ กองบุญเกิด,^eผู้ร่วมวิจัย
945    ^p0^l0^i034603
999    ^aเกษร โพธิ์สุวรรณ
รายการนี้ยังไม่มีแท็ก
คุณยังไม่ได้ล็อกอิน คุณสามารถมีกิจกรรมร่วมกับเว็บไซต์ได้ แต่ต้องล็อกอินก่อน ::
  ล็อกอิน

รายการสื่อสารสนเทศ

ลำดับที่ ประเภท เลขเรียก/บาร์โค้ด สถานที่ สถานะ
1. งานวิจัย
งานวิจัย
วจ.QT255 น148ส ฉ.1 
  Barcode: 034603
ห้องสมุดวิทยาเขตสวรรค์ประชารักษ์
►วิจัย
บนชั้น

BibComment


ยังไม่เคยถูกคอมเมนท์

คอมเมนท์ทรัพยากรรายการนี้
  คอมเมนท์: สิ่งจูงใจในการออก..


 Copyright 2026. Bcnsprnw @Library